01081nam a2200157Ia 4500008004100000082001500041100002500056245022200081260003200303365000600335630022200341730022200563942000900785999001900794952011000813100415s9999 xx 000 0 und d b18019a577 aHawksworth DL (ed.) aThe Biodiversity of Microorganisms and Invertebrates : Its Role in Sustainable Agriculture : Proceedings of the First Workshop on the Ecological Foundations of Sustainable Agriculture (WESFA 1), London 26-27 July 1990 aUKc1991bCAB INTERNATIONAL b0 aThe Biodiversity of Microorganisms and Invertebrates : Its Role in Sustainable Agriculture : Proceedings of the First Workshop on the Ecological Foundations of Sustainable Agriculture (WESFA 1), London 26-27 July 1990 aThe Biodiversity of Microorganisms and Invertebrates : Its Role in Sustainable Agriculture : Proceedings of the First Workshop on the Ecological Foundations of Sustainable Agriculture (WESFA 1), London 26-27 July 1990 cBOOK c600916d600913 00104070aBNHSbBNHSd1998-12-24g0.00l0o577 18019pBNHS-18019r2010-04-15 00:00:00w2010-04-15yBOOK